| 000 | 00817nam a2200241Ia 4500 | ||
|---|---|---|---|
| 003 | OSt | ||
| 005 | 20250909153545.0 | ||
| 008 | 210716s2009 xx 000 0 und d | ||
| 020 | _a9788126521470 | ||
| 040 | _cAIMIT LIBRARY | ||
| 041 | _aeng | ||
| 082 |
_a005.74068 _bSOMG |
||
| 245 |
_aInformation storage and management: _bstoring managing and protecting digital information / _cEdited by G. Somasundaram and Alok Shrivastava. |
||
| 250 | _a1st ed. | ||
| 260 |
_aNew Delhi : _bWiley Publishing Inc , _c2009. |
||
| 300 |
_axx,455p.; _bPB _c24.5 cm. |
||
| 650 |
_aIntelligent storage system _9238453 |
||
| 650 |
_aStorage area networks _9238454 |
||
| 650 |
_aStorage virtualization _9238455 |
||
| 700 |
_aSomasundaram, G. _9238456 |
||
| 700 |
_aShrivastava, Alok, _9238458 |
||
| 942 |
_2ddc _cBK _k005.74068 SOMG |
||
| 999 |
_c189586 _d189586 |
||